00806nam a2200193Ia 4500008004100000020001800041050002600059100004100085245007800126260004800204300001800252336001000270337001400280338001200294505019500306650003600501650003000537700004500567120625s2007 mx 000 0 spa d a9789708171588 4aBC117.S6 bG887 20071 aGutiérrez Solís, Fernandoeautor10aLógicac / Fernando Gutiérrez Solís, Flor Elena Gutiérrez Solís3 aMéxico b: Grupo Editorial Patriac, 2007 a136 páginas aTexto aSin medio aVolumen1 aDe la lógica a la filosofía Conocimiento y pensamiento Verdad La idea El juicio Silogismo Lógica proposicional Tablas de verdad Valores Análisis de formulas Lógica de conjuntos 0aLÓGICAxESTUDIO Y ENSEÑANZA 0aLÓGICAxLIBROS DE TEXTO1 aGutiérrez Solís, Floe Elenaecoautor